Солонгос үндэстний үлгэр домог (Бичлэгийн дугаар. 70895)

MARC дэлгэрэнгүй
000 -Удирдлага
Ном зүйн бүртгэл тоо буюу кодлох утгыг агуулсан 01004 a2200217 4500
003 - ХЯНАЛТЫН ТОО ТОДОРХОЙЛОГЧ
Код MN-UlNLM
005 - ХАМГИЙН СҮҮЛИЙН ҮЕИЙН ХЭЛЦЛИЙН ОГНОО БА ЦАГ
Тухайн бичилтийг бичсэн засварласан сүүлийн огноо. 20221004104101.0
008 - ЕРӨНХИЙ МЭДЭЭЛЭЛ-ЭЛЕМЕНТҮҮДИЙН ӨГӨГДЛИЙН УРТ
fixed length control field a130t2011 mp ||||| |||| 00| 0 mon d
020 ## - ОЛОН УЛСЫН СТАНДАРТ НОМЫН ДУГААР-ISBN
Олон Улсын Стандарт Номын Дугаар 978-99962-0-330-5
040 ## - ЭХ СУРВАЛЖИЙГ ТОДОРХОЙЛОН БИЧИХ
Анхны каталогийн байгууллага Монгол Улсын Үндэсний номын сан
084 ## - БУСАД АНГИЛЛЫН ДУГААР
Анги 82.3(5СоӨ)-6
Ангиллын нэр Номын сан номзүйн ангилал
Зохиогчийн 3-н тэмдэгт С 556
Шинжлэх ухааны мэдлэгийн салбар Ардын аман зохиол, утга зохиол - 82
245 0# - ҮНДСЭН ГАРЧИГ
Гарчиг Солонгос үндэстний үлгэр домог
Оролцогчдын тухай мэдээ Орч. Д.Эрдэнэсүрэн
-- Ред. Р.Чүлтэмсүрэн
260 1# - ГАРАЛТЫН ТУХАЙ МЭДЭЭ
Хэвлэгдсэн газар УБ
Хэвлэлийн газар Адмон
Хэвлэгдсэн он 2011
300 ## - ТООНЫ МЭДЭЭ
Хуудасны тоо 173x
546 ## - ХЭЛНИЙ ТУХАЙ МЭДЭЭ
Хэл
653 ## - ТҮЛХҮҮР ҮГС
Түлхүүр үг Ардын аман зохиол, утга зохиол
-- Үлгэр, домог
740 ## - НОМЫН АГУУЛГЫН ГАРЧИГ
Номын гарчгууд Халамжтай хүнд хань дэргэд Хажиг хүнд өстөн дэргэд
-- Ачилвал тус ирнэ Тус хийвэл ач ирнэ
-- Инээвэл залуужна
-- Ертөнцийн гайхамшиг
-- Шунал ихэдвэл шулам болно
856 ## - ЭЛЕКТРОН БАЙРЛАЛ БА ХОЛБООС
Төрөл Хэвлэмэл ном
942 ## - ЭЛЕМЕНТИЙН ТӨРӨЛ
Төрөл Ном
Захиалгууд
Буцаан татагдсан төлөв Хасагдсан шалтгаан Гэмтсэн төлөв Данс заагч Захиалах боломжгүй Үндсэн номын сан Одоогийн байршил Салбар танхим Сан хөмрөг 5 Бүртгэсэн огноо Тавиурын заалт Баркод Үнэ Хамгийн сүүлд байсан огноо Салбар Нийт уншлаганд гарсан тоо Хамгийн сүүлд уншлаганд гарсан огноо Төрөл Бүрдүүлэлтийн эх үүсвэр Уншигчдад зориулсан мэдээлэл
          МУҮНомын сан салбар МУҮНомын сан салбар МУҮНС салбар | Язгуур танхим 8 давхар МУҮНС салбар | Язгуур танхим 8 давхар 2021-08-30 83450 02083450 4000.00 2026-04-08 0000020834 10 2026-04-08 Ном    
          МУҮНомын сан салбар МУҮНомын сан салбар МУҮНС салбар | Язгуур танхим 8 давхар МУҮНС салбар | Язгуур танхим 8 давхар 2021-08-30 83449 02083449 4000.00 2024-12-17 0000020834 3 2024-12-17 Ном    
          МУҮНомын сан салбар МУҮНомын сан салбар МУҮНС салбар | Цахим танхим 3 давхар МУҮНС салбар | Цахим танхим 3 давхар 2022-02-10 994 000911000994 5240.00 2022-02-10       Цахим материал Худалдан авсан Киндлээр уншина